000 00302nam a2200097Ia 4500
008 220204s9999 xx 000 0 und d
082 _a339.562
_bIMP.2
245 0 _aImport trade control policy for the year April 1969 - March 1970. V 2, 1964-72
260 _aDelhi
_bMinistry of Foreign trade
942 _cBK
999 _c43261
_d43261